Beszámoló az "Élelmiszervizsgálati közlemények" 1970. évi XVI. kötetéről

Elmentve itt :
Bibliográfiai részletek
Szerző: Kottász József
Dokumentumtípus: Cikk
Megjelent: Lapkiadó Vállalat Budapest 1971
Sorozat:Élelmiszervizsgálati közlemények
Kulcsszavak:Élelmiszervizsgálat - könyvismertetés
Tárgyszavak:
Online Access:http://acta.bibl.u-szeged.hu/81389
LEADER 00869nab a2200205 i 4500
001 acta81389
005 20230915143037.0
008 230915s1971 hu o 0|| hun d
040 |a SZTE Egyetemi Kiadványok Repozitórium  |b hun 
041 |a hun 
100 1 |a Kottász József 
245 1 0 |a Beszámoló az "Élelmiszervizsgálati közlemények" 1970. évi XVI. kötetéről  |h [elektronikus dokumentum] /  |c  Kottász József 
260 |a Lapkiadó Vállalat  |b Budapest  |c 1971 
300 |a 18-19 
490 0 |a Élelmiszervizsgálati közlemények 
650 4 |a Műszaki és technológiai tudományok 
650 4 |a Egyéb műszaki tudományok és technológiák 
650 4 |a Élelmiszer és italfélék 
695 |a Élelmiszervizsgálat - könyvismertetés 
856 4 0 |u http://acta.bibl.u-szeged.hu/81389/1/elelmiszervizsgalati_kozlemenyek_1971_01-02_018-019.pdf  |z Dokumentum-elérés